000
00282nam a2200121Ia 4500
008
190216s9999||||xx |||||||||||||| ||und||
100
_a
Sivakumar
245
0
_a
Practical Statistics
260
_b
Vikas Publishing House
_c
1982
300
_a
xlviiip
650
_a
Commerce
942
_c
BK
999
_c
4274
_d
4274